000 01235nam a2200325 i 4500
003 DO-SdBNP
005 20230720105842.0
007 ta
008 230720b2002 dr ||||| |||| 00| 0 spa d
020 _a9993425249
040 _aDO-SdBNP
_bspa
_cBNPHU
_erda
082 4 _222
100 _aSandoval Peralta, Carlos,
_eautor
_983804
245 1 0 _aDerecho tributario y promoción filantrópica :
_bcapacitación y transferencia de conocimientos y experiencia /
_cCarlos Sandoval Peralta ; edición, Guadalupe Valdez ; corrección de estilo, Sulamita Puig
264 1 _aSanto Domingo :
_bINTEC
_bBID,
_c2002.
300 _a58 páginas ;
_c28 cm.
336 _2rdacontent
_atexto
_btxt
337 _2rdamedia
_asin mediación
_bn
338 _2rdacarrier
_avolumen
_bnc
490 _aSociedad civil
490 _aDocumentos de trabajo
_v11
500 _aTemática. Legislación y sociedad civil en la República Dominicana.
500 _aPrograma de fortalecimiento de organizaciones de la sociedad civil
504 _aBibliografía : p. 55-58
590 _aInventariado, 2023/BT
700 1 _aValdez, Guadalupe,
_eedición
_914014
700 1 _aFernández, Antonio,
_ecorrección
_922068
910 _aBtavárez
942 _2ddc
_cLBS1
999 _c54217
_d54217